01003nam a2200217 i 450000100060000000300090000600500170001500700030003200800410003510000440007624502540012026000450037430000220041950000490044165000400049070000490053071000350057985200320061499900170064695201220066345086ES-MaACL20251002204010.0t|030325s1972 sp ||||1| spa d1 aClavería, Carlos, d1909-1974914921210aEspaña en Europa b: aspectos de la difusión de la lengua y las letras españolas desde el siglo XVI : discurso leído el día 13 de febrero de 1972 en su recepción / cpor Carlos Claveria Lizana y contestación de Emilio García Gómez. aMadrid : b[Ediciones Castilla], c1972. a133 p. ; c24 cm. aPrecede al tít.: Real Academia Española.07aLiteratura española2embne9145391 aGarcía Gómez, Emilio, d1905-19959546902 aReal Academia Española96336 aES-MaACLjC-40971 bR.80611 c45086d45086 00104070aATENEOMbATENEOMcDEPO2d2008-01-17eSCl0oC-40971p1047448r2023-02-23 00:00:00w2023-02-23yMONOGRAFIA